| 000 | 01166cab a2200241 4500 | ||
|---|---|---|---|
| 001 | ##L134540 | ||
| 008 | 060815n2006 000 0 eng u | ||
| 035 | _a(Sirsi) u134540 | ||
| 041 | 0 | _aeng | |
| 100 | 1 | _aSheridan, Peter | |
| 245 | 0 | 0 |
_aConstruction Act review _bpay-when-paid, pay-when-certified and section 113 |
| 260 | _c2006 | ||
| 490 | 0 |
_aConstruction Law Journal _v22(5) 2006, 324-335(12) |
|
| 520 | _aLooks at the effect of the Housing Grants, Construction and Regeneration Act 1996 s113 on pay-when-paid clauses. Discusses the Latham Report recommendations, and considers the effect of the decisions in "Durabella Ltd v J Jarvis and Sons Ltd" ([2001] QBD TCC, Abs65487) and "Midland Expressway Ltd v Carillion Construction Ltd" ([2005] EWHC 2963 TCC, L132321). | ||
| 590 | _aIKA220806 | ||
| 650 | 2 | 4 | _aHOUSING GRANTS, CONSTRUCTION AND REGENERATION ACT 1996 S113 |
| 650 | 2 | 4 | _aDURABELLA V JARVIS |
| 650 | 2 | 4 | _aMIDLAND EXPRESSWAY LTD V CARILLION CONSTRUCTION LTD AND OTHERS |
| 650 | 2 | 4 | _aLATHAM REFORMS |
| 651 | 4 |
_aEngland and Wales _y1543- |
|
| 690 | _aBUILT ENVIRONMENT-CONSTRUCTION MANAGEMENT-BUILDING CONTRACT ADMINISTRATION | ||
| 942 | _n0 | ||
| 999 |
_c77556 _d77556 |
||